Introduction to environmental biotechnology (Record no. 356110)

000 -LEADER
fixed length control field nam a22 7a 4500
003 - CONTROL NUMBER IDENTIFIER
control field ASAB
005 - DATE AND TIME OF LATEST TRANSACTION
control field 20180124175222.0
008 - FIXED-LENGTH DATA ELEMENTS--GENERAL INFORMATION
fixed length control field 180123b xxu||||| |||| 00| 0 eng d
020 ## - INTERNATIONAL STANDARD BOOK NUMBER
International Standard Book Number 978-81-203-3160-0
040 ## - CATALOGING SOURCE
Original cataloging agency ASAB
Transcribing agency ASAB
082 ## - DEWEY DECIMAL CLASSIFICATION NUMBER
Classification number 628.5
100 ## - MAIN ENTRY--PERSONAL NAME
Personal name A.K. Chatterji
9 (RLIN) 9581
245 ## - TITLE STATEMENT
Title Introduction to environmental biotechnology
Statement of responsibility, etc. A.K. Chatterji
250 ## - EDITION STATEMENT
Edition statement Second Edition
260 ## - PUBLICATION, DISTRIBUTION, ETC.
Place of publication, distribution, etc. New Delhi
Name of publisher, distributor, etc. PHI Learning private limited
Date of publication, distribution, etc. 2009
300 ## - PHYSICAL DESCRIPTION
Extent 197 P.
630 ## - SUBJECT ADDED ENTRY--UNIFORM TITLE
Uniform title Environmental Biotechnology
9 (RLIN) 9582
630 ## - SUBJECT ADDED ENTRY--UNIFORM TITLE
Uniform title Biotechnology
9 (RLIN) 3368
942 ## - ADDED ENTRY ELEMENTS (KOHA)
Source of classification or shelving scheme
Koha item type Book
Holdings
Withdrawn status Lost status Source of classification or shelving scheme Damaged status Not for loan Collection code Permanent Location Current Location Date acquired Total Checkouts Full call number Barcode Date last seen Price effective from Koha item type
            Atta-ur-Rahman School of Applied Biosciences (ASAB) Atta-ur-Rahman School of Applied Biosciences (ASAB) 01/24/2018   628.5 CHA ASAB1894 01/24/2018 01/24/2018 Book
© 2023 Central Library, National University of Sciences and Technology. All Rights Reserved.